Štúdium biologickej rozložiteľnosti matečných lúhov z výroby kyseliny dimetylolpropiónovej

Gespeichert in:
Bibliographische Detailangaben
1. Verfasser: Wolfová, Paulína (Verfasst von)
Weitere Verfasser: Jankovičová, Barbora (Betreuung Doktorarbeit)
Format: Manuskript Buch
Sprache:Slowakisch
Veröffentlicht: 2025
Schlagworte:
Online-Zugang:http://is.stuba.sk/zp/portal_zp.pl?podrobnosti=183449
Tags: Tag hinzufügen
Keine Tags, Fügen Sie das erste Tag hinzu!

MARC

LEADER 00000ntm a22000003a 4500
001 stuzp103817
003 SK-STU
005 20250607210404.7
007 ta
008 150427s2015----xo-----f-mn---000-0-slo-d
040 |a STU  |b slo 
041 0 |a slo 
100 1 |a Wolfová, Paulína  |u 046290  |4 aut  |U FCHPT Ústav chemického a environmentálneho inžinierstva  |T FCHPT Oddelenie environmentálneho inžinierstva  |X 104667  |U C6290  |Y 120  |7 104667 
242 0 1 |a Study of biodegradability of mother liquors from dimethylolpropionic acid production  |y eng 
245 1 0 |a Štúdium biologickej rozložiteľnosti matečných lúhov z výroby kyseliny dimetylolpropiónovej 
260 |c 2025 
650 4 |a mother liquors  |2 eng 
650 4 |a dimethylolpropionic acid  |2 eng 
650 4 |a biodegradability  |2 eng 
650 4 |a anaerobic degradation  |2 eng 
650 4 |a aerobic degradation  |2 eng 
650 4 |a kyselina dimetylolpropiónová  |2 slo 
650 4 |a biologická rozložiteľnosť  |2 slo 
650 4 |a anaeróbny rozklad  |2 slo 
650 4 |a aeróbny rozklad  |2 slo 
650 4 |a matečné lúhy  |2 slo 
700 1 |a Jankovičová, Barbora  |u 046290  |k Z1  |4 ths  |U FCHPT Ústav chemického a environmentálneho inžinierstva  |T FCHPT Oddelenie environmentálneho inžinierstva  |X 82079  |U C6290  |Y 120  |7 82079 
856 4 |u http://is.stuba.sk/zp/portal_zp.pl?podrobnosti=183449